| 000 | 00627nam a2200193Ia 4500 | ||
|---|---|---|---|
| 001 | 14780 | ||
| 003 | GE_BSU | ||
| 008 | 181216s||||||||xx |||||||||||||| ||und|| | ||
| 040 | _cGE_BSU | ||
| 080 | _a517.91 | ||
| 100 | _aАмелькин, В.В. | ||
| 245 | _aДифференциалные уравнениия в приложениях. | ||
| 260 | _aМосква | ||
| 260 | _bНаука. главн. ред. физико-математической лит-ры. | ||
| 260 | _c1987 | ||
| 300 | _a151стр.20см. | ||
| 653 | _aДифференциалные уравнениия в приложениях | ||
| 942 | _cBK | ||
| 999 |
_c47903 _d47903 |
||